| 000 | 00560nam a2200217Ia 4500 | ||
|---|---|---|---|
| 001 | 13099 | ||
| 003 | GE_BSU | ||
| 008 | 181216s||||||||xx |||||||||||||| ||und|| | ||
| 020 | _a9780006547839 | ||
| 040 | _cGE_BSU | ||
| 080 | _a821.111-3 | ||
| 100 | _aHoeg,Peter. | ||
| 245 | _aMiss Smilla's Feeling For Snow. | ||
| 245 | _cTranslated from the Danish by F.David. | ||
| 260 | _aLondon. | ||
| 260 | _bFlamingo an imprint of harper collins publishers. | ||
| 260 | _c1994 | ||
| 300 | _a410p;18cm. | ||
| 653 | _aMiss Smilla's Feeling For Snow. | ||
| 942 | _cBK | ||
| 999 |
_c46265 _d46265 |
||